Multiple stresses in ecosystems / (Record no. 23142)

MARC details
000 -LEADER
fixed length control field 01369cam a2200325 a 4500
001 - CONTROL NUMBER
control field 2127550
003 - CONTROL NUMBER IDENTIFIER
control field OSt
005 - DATE AND TIME OF LATEST TRANSACTION
control field 20211221113950.0
008 - FIXED-LENGTH DATA ELEMENTS--GENERAL INFORMATION
fixed length control field 971106s1998 flua b 101 0 eng
010 ## - LIBRARY OF CONGRESS CONTROL NUMBER
LC control number 97049109
020 ## - INTERNATIONAL STANDARD BOOK NUMBER
International Standard Book Number 1566703093 (acidfree paper)
040 ## - CATALOGING SOURCE
Original cataloging agency DLC
Transcribing agency HU
Modifying agency DLC
050 00 - LIBRARY OF CONGRESS CALL NUMBER
Classification number QH545.A1
Item number M85 1998
082 00 - DEWEY DECIMAL CLASSIFICATION NUMBER
Classification number 577.27
Edition number 21
245 00 - TITLE STATEMENT
Title Multiple stresses in ecosystems /
Statement of responsibility, etc. edited by Joseph J. Cech, Jr., Barry W. Wilson, Donald G. Crosby.
260 ## - PUBLICATION, DISTRIBUTION, ETC.
Place of publication, distribution, etc. Boca Raton, Fla. :
Name of publisher, distributor, etc. Lewis Publishers,
Date of publication, distribution, etc. c1998.
300 ## - PHYSICAL DESCRIPTION
Extent 202 p. :
Other physical details ill. ;
Dimensions 25 cm.
500 ## - GENERAL NOTE
General note Resulted from an international conference held Oct. 14-15, 1993 and sponsored by the University of California Toxic Substances Program.
504 ## - BIBLIOGRAPHY, ETC. NOTE
Bibliography, etc. note Includes bibliographical references and index.
650 #0 - SUBJECT ADDED ENTRY--TOPICAL TERM
Topical term or geographic name entry element Pollution
Form subdivision Congresses.
9 (RLIN) 23832
650 #0 - SUBJECT ADDED ENTRY--TOPICAL TERM
Topical term or geographic name entry element Nature
General subdivision Effect of human beings on
Form subdivision Congresses.
9 (RLIN) 23833
650 #0 - SUBJECT ADDED ENTRY--TOPICAL TERM
Topical term or geographic name entry element Ecology
Form subdivision Congresses.
9 (RLIN) 23834
700 1# - ADDED ENTRY--PERSONAL NAME
Personal name Cech, Joseph J.
9 (RLIN) 23835
700 1# - ADDED ENTRY--PERSONAL NAME
Personal name Wilson, Barry W.,
Dates associated with a name 1931-
9 (RLIN) 23836
700 1# - ADDED ENTRY--PERSONAL NAME
Personal name Crosby, Donald G.
9 (RLIN) 23837
856 42 - ELECTRONIC LOCATION AND ACCESS
Materials specified Publisher description
Uniform Resource Identifier <a href="http://www.loc.gov/catdir/enhancements/fy0744/97049109-d.html">http://www.loc.gov/catdir/enhancements/fy0744/97049109-d.html</a>
906 ## - LOCAL DATA ELEMENT F, LDF (RLIN)
a 7
b cbc
c orignew
d 1
e ocip
f 19
g y-gencatlg
942 ## - ADDED ENTRY ELEMENTS (KOHA)
Koha item type Books like text book referance book
Source of classification or shelving scheme Dewey Decimal Classification
Suppress in OPAC No
Holdings
Withdrawn status Lost status Source of classification or shelving scheme Damaged status Not for loan Collection code Home library Current library Shelving location Date acquired Total Checkouts Full call number Barcode Date last seen Copy number Price effective from Koha item type
    Dewey Decimal Classification     Reference Wondo Genet Library Wondo Genet Library General Stacks 12/21/2021   577.27 MUL 1998 WGCFNRL00009418 12/21/2021 1 12/21/2021 Books like text book referance book